| 000 | 00629nam a2200253Ia 4500 | ||
|---|---|---|---|
| 001 | 1387 | ||
| 005 | 20240113233456.0 | ||
| 007 | ta | ||
| 008 | 050204s1307 a g b000 u ben u | ||
| 020 | _cPB | ||
| 040 | _aRef. stack | ||
| 041 | _aben | ||
| 082 |
_a030 _bBa 29 Bi |
||
| 100 | _aBasu, Nagendranath . | ||
| 245 | 0 |
_aBiswakosh / _cNagendranath Basu ed. _hTextual Documents |
|
| 250 | _a1st ed / | ||
| 260 |
_aCalautta : _bNagendranath Basu , _c1307. |
||
| 300 |
_a864p. : _bill ; _c29cm . |
||
| 362 | _aVol. X- | ||
| 653 | _aEncyclopaedia - Bangla | ||
| 942 |
_2ddc _cBK |
||
| 999 |
_c1384 _d1384 |
||